[Event "18. drzavno sahovsko prvenstvo za clane "]
[Site "Ljubljana SLO"]
[Date "2008.08.23"]
[Round "8.3"]
[White "Crepan, Marjan"]
[Black "Skoberne, Jure"]
[Result "0-1"]
[WhiteElo "2363"]
[BlackElo "2499"]
[PlyCount "82"]
[EventDate "2008.08.23"]

1. e4 d6 2. d4 g6 3. Bc4 Nf6 4. Nc3 Bg7 5. Nge2 O-O 6. Bb3 Nbd7 7. f3 e5 8.
dxe5 dxe5 9. Be3 c6 10. Qd2 Re8 11. O-O-O Qa5 12. g4 Nc5 13. Kb1 Be6 14. Bf2
Bxb3 15. axb3 Red8 16. Qe3 Ne6 17. Rxd8+ Qxd8 18. Rd1 Qe7 19. Qd2 Rd8 20. Qe3
b6 21. Qc1 h5 22. h3 hxg4 23. hxg4 Nh7 24. Be3 Nhg5 25. Rxd8+ Qxd8 26. Qh1 Qf6
27. Ng1 Nd4 28. Bxg5 Qxg5 29. Qg2 Qe3 30. Qf1 Bh6 31. Nce2 Ne6 32. Qd1 Qf2 33.
Nc1 Be3 34. Nge2 Qxf3 35. Qd7 Qxe4 36. Qxa7 Bxc1 37. Nxc1 Nd4 38. Nd3 Qh1+ 39.
Ka2 Nxc2 40. Qb8+ Kh7 41. b4 Qd5+ 0-1

[Event "18. drzavno sahovsko prvenstvo za clane "]
[Site "Ljubljana SLO"]
[Date "2008.08.23"]
[Round "8.4"]
[White "Barle, Janez"]
[Black "Tratar, Marko"]
[Result "0-1"]
[WhiteElo "2414"]
[BlackElo "2486"]
[PlyCount "64"]
[EventDate "2008.08.23"]

1. e4 e6 2. d4 d5 3. Nc3 dxe4 4. Nxe4 Nd7 5. Nf3 Ngf6 6. Nxf6+ Nxf6 7. Ne5 Nd7
8. Bf4 Nxe5 9. Bxe5 Bd7 10. Qh5 Bc6 11. O-O-O Qd7 12. Be2 Bxg2 13. Rhg1 Be4 14.
Bxg7 Bxg7 15. Rxg7 Bg6 16. Qe5 O-O-O 17. Bh5 Rdf8 18. Bxg6 hxg6 19. d5 Rh5 20.
Qe3 Rxd5 21. Rxd5 Qxd5 22. Qxa7 Qe5 23. Qa8+ Kd7 24. Qa4+ b5 25. Qb4 Qxg7 26.
Qxb5+ Ke7 27. Qc5+ Ke8 28. Qb4 f5 29. Qb8+ Kd7 30. Qb5+ Kc8 31. Qa6+ Kd8 32.
Qd3+ Qd7 0-1

[Event "18. drzavno sahovsko prvenstvo za clane "]
[Site "Ljubljana SLO"]
[Date "2008.08.24"]
[Round "9.1"]
[White "Sakelsek, Tadej"]
[Black "Mohr, Georg"]
[Result "1/2-1/2"]
[WhiteElo "2390"]
[BlackElo "2494"]
[PlyCount "20"]
[EventDate "2008.08.24"]

1. Nf3 c5 2. e4 Nc6 3. d4 cxd4 4. Nxd4 Nf6 5. Nc3 e5 6. Ndb5 d6 7. Bg5 a6 8.
Na3 b5 9. Nd5 Be7 10. Bxf6 Bxf6 1/2-1/2

[Event "18. drzavno sahovsko prvenstvo za clane "]
[Site "Ljubljana SLO"]
[Date "2008.08.24"]
[Round "9.3"]
[White "Skoberne, Jure"]
[Black "Barle, Janez"]
[Result "1-0"]
[WhiteElo "2499"]
[BlackElo "2414"]
[PlyCount "93"]
[EventDate "2008.08.24"]

1. c4 e6 2. d4 d5 3. Nf3 Nf6 4. g3 c5 5. Bg2 Nc6 6. O-O Be7 7. cxd5 exd5 8. Nc3
O-O 9. Bg5 cxd4 10. Nxd4 h6 11. Be3 Be6 12. Qb3 Qd7 13. Rfd1 Rfd8 14. Rac1 Na5
15. Qb5 Nc4 16. Nxe6 fxe6 17. Bd4 e5 18. Qxd7 Rxd7 19. Nxd5 Nxd5 20. Bc5 Bxc5
21. Bxd5+ Kf8 22. Rxc4 Bb6 23. Kg2 Rad8 24. e4 Bd4 25. Rc2 Ke7 26. f4 a5 27. b3
b6 28. a3 Bc5 29. fxe5 Rf8 30. a4 Ra7 31. h4 Rc7 32. h5 Rcc8 33. Rdc1 Rc7 34.
Kh3 Rd7 35. Kg4 Be3 36. e6 Bxc1 37. exd7 Be3 38. Rc8 Rd8 39. Be6 Bf2 40. Kf4
Be1 41. Bf5 Bd2+ 42. Ke5 Be1 43. g4 Bg3+ 44. Kd5 Bf2 45. Rc6 Kf7 46. Kd6 Bg3+
47. e5 1-0

[Event "18. drzavno sahovsko prvenstvo za clane "]
[Site "Ljubljana SLO"]
[Date "2008.08.24"]
[Round "9.4"]
[White "Sebenik, Matej"]
[Black "Crepan, Marjan"]
[Result "1-0"]
[WhiteElo "2485"]
[BlackElo "2363"]
[PlyCount "143"]
[EventDate "2008.08.24"]

1. Nf3 Nf6 2. c4 c6 3. g3 d5 4. Bg2 Bf5 5. cxd5 cxd5 6. Qb3 Qc8 7. Nc3 e6 8. d3
Nc6 9. Bf4 Nd7 10. Rc1 Nc5 11. Qd1 Qd8 12. O-O Be7 13. a3 a5 14. Nb5 O-O 15.
Bc7 Qd7 16. Bb6 Na6 17. Nbd4 Nxd4 18. Nxd4 Bg6 19. Bxa5 Bf6 20. Bc3 Rfc8 21. f4
Nc5 22. Nf3 Qb5 23. Bxf6 gxf6 24. b4 Nd7 25. Rxc8+ Rxc8 26. Qd2 Qb6+ 27. Kh1
Kg7 28. Rc1 Rd8 29. Qb2 Qf2 30. Rf1 Qe3 31. Nd4 Rc8 32. Nb5 Nb6 33. Bf3 Na4 34.
Qd4 Qd2 35. Nd6 Rc1 36. Rxc1 Qxc1+ 37. Kg2 Qc6 38. b5 Qxd6 39. Qxa4 Qc5 40. Qb3
Qe3 41. Qb2 Qb6 42. a4 Qa5 43. Qd4 Qd2 44. g4 Be4 45. Bxe4 Qxe2+ 46. Qf2 Qd1
47. Bf3 Qxa4 48. d4 Qxb5 49. Qd2 Qb1 50. Bd1 Qe4+ 51. Kg3 Qh1 52. Qd3 Qg1+ 53.
Kh3 h5 54. gxh5 Kh6 55. f5 e5 56. dxe5 fxe5 57. Qd2+ Qg5 58. Qxg5+ Kxg5 59. h6
Kxh6 60. Kg4 f6 61. Bf3 e4 62. Be2 d4 63. Kf4 d3 64. Bd1 e3 65. Kxe3 Kg5 66.
Ke4 b5 67. h3 b4 68. Bb3 d2 69. Bc2 Kh4 70. Ke3 Kxh3 71. Kxd2 Kg4 72. Kc1 1-0